00345cam a2200145ua 45000010005000000080039000050400009000440410008000530820008000612450044000692600029001133000010001426530028001526530019001809894161007n ii |||gr||||Z||||||asm cMAIN aasm a327 aSamosamoyik bishwa rajnitibHS 2nd year aGuwahati:bAHSEC,c2013. a150p. aInternational relations aWorld politics